00881nam a2200253 a 450000100060000000300080000600500170001400800410003102000150007203500190008704000320010604100080013808200220014610000370016824500520020525000170025726000330027430000250030750400660033265100450039894200120044399900170045595201550047265334BD-RjUL20211209081418.0170331s1998 nyu b 000 0 eng d a0452011817 a(BD-RjUL)65464 aDLCcDLCdDLCdBD-RjULbeng aeng00a960223bHAA 19981 aHarris, Joseph E.d1929-919338510aAfricans and their history /cJoseph E. Harris. a2nd rev. ed. aNew York :bMeridian,c1998. axi, 337 p. ;c21 cm. aIncludes bibliographical references (p. [303]-328) and index. 0aAfricaxPolitics and government.9193335 2ddccBK c65334d65334 00102ddc40718NFICaRUCLbRUCLcReadingd2013-07-03eSpace Marcating Comm.dhakag1330.00l0o960 HAA 1998r2017-03-04 00:00:00tC-1w2021-12-09yBK